Geografía 3 : sociedad y naturaleza en la argentina /

Guardado en:
Autor Principal: Sposob, Gustavo
Formato: Libro
Publicado: Buenos Aires : Estrada, 2015
Series:Huellas
Materias:
Etiquetas: Agregar Etiqueta
Sin Etiquetas, Sea el primero en etiquetar este registro!
LEADER 01338nam a22002295a 4500
001 CEM.cems014711
005 20160511155806.0
008 130507s2015##################000#0#####d
003 CEMS
020 |a 9789500116152 
082 0 4 |a 918.2 
100 1 |a Sposob, Gustavo 
245 1 0 |a Geografía 3 :  |b sociedad y naturaleza en la argentina /  |c Gustavo Sposob ... y Otros 
260 |a Buenos Aires :  |b Estrada,  |c 2015 
300 |a 240 p. 
490 0 |a Huellas 
500 |a Incluye Saber Hacer 
505 0 |a La organización política y administrativa de la Argentina -- La Argentina en el proceso de globalización -- Los relieves y el sistema hidrográfico de la Argentina -- Los climas y ambientes de la Argentina -- La valoración y el aprovechamiento de los recursos naturales -- Los problemas ambientales en la Argentina -- Composición, distribución y movilidad de la población Argentina -- Condiciones de vida y empleo en la Argentina -- Los espacios urbanos en la Argentina -- Espacios rurales en la Argentina -- La inserción de la Argentina en la economía mundial -- El sector primario en la economía Argentina -- La actividad industrial en la Argentina -- El sector terciario 
653 |a Geografía 
653 |a Geografía argentina 
653 |a Libros de texto 
859 |a CEMS  |b BIB. CEMS - 11 de abril  |h 918.2  |i Sp679  |p 27297.16  |t Ej.1